| 000 | 01908nam a2200313Ia 4500 | ||
|---|---|---|---|
| 008 | 130821s1886 sp af gr spa | ||
| 040 |
_aCo-BoUCM _bspa |
||
| 041 | 1 |
_aspa _hfre |
|
| 092 | _aE21N046 | ||
| 100 | 1 | _aRubio y Diaz, Vicente. | |
| 245 | 1 | 0 |
_aElementos de física esperimental _cpor D. Vicente Rubio y Diaz. |
| 250 | _a2a ed. | ||
| 260 |
_aCádiz (Andalucía, Espaa) _bImprenta de la revist médica de Don Federico July _c1886 |
||
| 300 |
_avii, [1], 540 páginas _bilustraciones, láminas |
||
| 500 | _aDetalles físicos: Encuadernación en cartón forrada en papel, lomo en cuero con adornos repujados, letras en dorado; notorio desgaste en tapas y lomo. Conserva parte de las guardas, anteportada y portada impresa a una sola tinta. Texto impreso en una sola columna sobre papel de buena calidad, ilustraciones y laminas de buena calidad entre el texto. Bordes de pagina con algunos dobleces. Sellos de tinta en la portada, papel con algunas manchas de humedad. | ||
| 505 | 0 | _aPropiedades de los cuerpos y sus aplicaciones: Materia, cuerpo, fuerza y movimiento. ; Estudio de los cuerpos al estado sólido. ; Estudio de los cuerpos al estado liquido. ; Estudio de los cuerpos al estado gaseoso. ; Acústica -- Agentes físicos y sus aplicaciones: Fenómenos luminosos. ; Fenómenos del calor. ; Fenómenos del llamado magnetismo. ; Fenómeno de la electricidad. ; Nociones de meteorología. ; Apéndice breve noción acerca de la unidad de la fuerza física. | |
| 506 | _aConsulta en sala. | ||
| 650 | 0 | 4 |
_aCiencias naturales _910813 |
| 650 | 0 | 4 |
_aCinemática _910860 |
| 650 | 0 | 4 |
_aElectricidad _913958 |
| 650 | 0 | 4 |
_aFísica _915907 |
| 650 | 0 | 4 |
_aFluidos _915983 |
| 650 | 0 | 4 |
_aFuerza y energía _916175 |
| 650 | 0 | 4 |
_aGases _916271 |
| 650 | 0 | 4 |
_aMeteorología _919412 |
| 700 | 1 |
_aJuly, Federico _eimp. |
|
| 942 |
_cLIBRO _a25 _e2 _2DEWEY _h530 |
||
| 999 |
_c37827 _d37827 |
||